| 000 | 00668cam a2200253 4500 | ||
|---|---|---|---|
| 001 | L155561 | ||
| 008 | 000000n1997 000 0 eng u | ||
| 020 | _a9780900417306 | ||
| 022 | _a0142713X | ||
| 035 | _a(Sirsi) u155561 | ||
| 041 | _aeng | ||
| 050 | _a692.5 | ||
| 245 | _aGriffiths complete building price book 1997 | ||
| 250 | _a43rd ed. | ||
| 260 |
_aBournemouth _bGlenigan Cost Information Services _c1997 |
||
| 300 | _a810p | ||
| 350 | _a85 | ||
| 650 | _aBUILT ENVIRONMENT-BUILDING COSTS | ||
| 650 | _aESTIMATING | ||
| 650 | _aBUILDING PRICE BOOKS | ||
| 651 | 4 | _aENGLAND AND WALES | |
| 690 | _aBUILT ENVIRONMENT-BUILDING COSTS | ||
| 942 | _n0 | ||
| 999 |
_c113661 _d113661 |
||